Quizzes
Events
Quiz Creation
Community
Videos
Private Events
Remove Ads
Sign In
Join for FREE
Feedback
Dark Mode
Quiz Categories
Sports
Geography
Music
Movies
Television
Just For Fun
Miscellaneous
History
Literature
Language
Science
Gaming
Entertainment
Religion
Holiday
For Kids
Quiz Lab
Recent
Popular Today
Quiz Kudos Today
Editor Picks
Curator Picks
Quizzes by...
Day
Popularity
Type
Ratings
Length
Year
Community
Subscriptions
Recent Discussions
Orange Saloon
Badges
Playlists
Quests
Create
Leaderboards
Showdown
Live 5
Trivia Bingo
Activity
Puzzle Library
Sporcle Events
Private Events
Virtual Trivia
Globe League
Become a Host
Pub Owners
SporcleCon
Opinionation
Our Games
Videos
Blog
Mobile Apps
Partnerships
Remove Ads and Go Orange
Feedback
Sports
Athletes
MLB
NBA
NHL
NFL
Soccer
Sports Teams
WWE
NCAA
Football
Premier League
Basketball
Baseball
Hockey
Golf
Tennis
Cricket
Rugby
Auto Racing
Olympics
World Cup
Sports
Athletes
MLB
NBA
NHL
NFL
Soccer
Sports Teams
WWE
NCAA
Football
Premier League
Basketball
Baseball
Hockey
Golf
Tennis
Cricket
Rugby
Auto Racing
Olympics
World Cup
Random Quiz
Search Sporcle
×
Quiz Lab
Quiz Lab
Sports
Baseball
Type in answers that appear in a list
Type in answers that appear in a list
Classic
Best Score? Go Orange.
Top 50 Mets (by WAR) Stats
Can you name the top 50 Mets (position players & pitchers) by career Wins Above Replacement?
By
kevinmiller224
15m
104 Questions
1,036 Plays
1,036 Plays
1,036 Plays
Comments
Comments
Give Quiz Kudos
Give Quiz Kudos
-
- Ratings
hide this ad
More Info
Replay
Link that replays current quiz
Next Quiz
Link to next quiz in quiz playlist
You Got
0%
They Got
Avg Score
37%
Avg Friend Score
Upgrade to see
Score Distribution
Jump to the score distribution portion of the page
Score
0/104
Timer
15:00
0
Plays Today
WAR
Player
% Correct
75.8
Tom Seaver
98.3%
36.5
Darryl Strawberry
96.6%
41.2
Dwight Gooden
95.2%
24.5
Mike Piazza
94.2%
41.8
Jerry Koosman
93.7%
29.5
Edgardo Alfonzo
90.4%
26.5
Keith Hernandez
89.9%
49.9*
David Wright
89%
11.2
Gary Carter
88.8%
31.3
Carlos Beltran
87.8%
24.7
Howard Johnson
86.4%
8.9
Lance Johnson
85.2%
13.2*
Jacob deGrom
84.9%
19.4
Mookie Wilson
80.4%
17.6
Cleon Jones
80.4%
27.8*
Jose Reyes
80.2%
9.7
Bobby Jones
79.8%
16.5
Ron Darling
78.4%
12.8
John Franco
77.4%
16.4
Lenny Dykstra
76.1%
26.9
Sid Fernandez
75.2%
26.3
Al Leiter
73.7%
15.2
Johan Santana
72.2%
7.6*
Noah Syndergaard
71.6%
11.4*
Matt Harvey
70.9%
6.9
Carlos Delgado
70.6%
18.6
John Olerud
70%
10.9
Todd Hundley
70%
19.0
David Cone
69.5%
12.4
Tommie Agee
65.3%
14.8
Bud Harrelson
64.1%
4.4
Ed Kranepool
63.6%
12.2
Jesse Orosco
63.1%
10.7
Robin Ventura
63.1%
5.8
Pedro Martinez
61.5%
WAR
Player
% Correct
27.0
Jon Matlack
61.5%
17.0
Kevin McReynolds
61%
9.6
Wally Backman
60.3%
9.6
Bob Ojeda
60.2%
13.0
Jerry Grote
59.5%
11.3
Tom Glavine
58.7%
12.4
Tug McGraw
56.9%
7.6
Rusty Staub
56%
12.9
R.A. Dickey
55.8%
10.6
Armando Benitez
55.3%
11.1
Bernard Gilkey
54%
18.5
John Stearns
51.2%
12.9
Lee Mazzilli
50.9%
9.6
Frank Viola
50.1%
12.6
Craig Swan
48.4%
8.7
Bobby Bonilla
48.2%
4.9
Billy Wagner
47.2%
11.5
Bret Saberhagen
45.7%
8.2*
R.A. Dickey
45.6%
9.6
Steve Henderson
44.9%
8.9
Cliff Floyd
44.2%
14.8
Rick Reed
43.4%
12.5
Daniel Murphy
41.6%
9.1
Steve Trachsel
41.5%
4.2
George Foster
41.2%
4.7
Roger McDowell
41.1%
7.3
Tim Teufel
40.7%
5.9
Ron Swoboda
40.1%
15.2
Dave Magadan
39.7%
10.9
Juan Lagares
38.1%
13.2
Wayne Garrett
37.3%
7.7
Gary Gentry
36.9%
8.1
Jeff Kent
35.9%
4.6
Mike Hampton
35%
6.2
Felix Millan
34.6%
WAR
Player
% Correct
4.5
Al Jackson
34.6%
10.1
John Milner
33.5%
6.5
Gregg Jefferies
32.8%
7.8
Ron Hunt
31.1%
4.6
Kevin Elster
28%
4.8
Randy Myers
26.9%
8.8
Joel Youngblood
25.9%
6.4
Mike Pelfrey
24.4%
5.3
Art Shamsky
23%
7.6
Pat Zachry
22.5%
5.8
Ron Hodges
22.2%
4.6
Ed Charles
21.7%
10.9
Angel Pagan
21.3%
20.4%
6.0
Roger Craig
20%
4.1
Neil Allen
16%
7.4
Skip Lockwood
14.8%
4.1
Endy Chavez
14.2%
4.5
Turk Wendell
13.9%
4.8
Ron Taylor
13%
5.3
Lenny Randle
12%
5.4
Ed Lynch
11.4%
7.5
Jim McAndrew
11.3%
5.1
Bob Apodaca
9.6%
4.3
Walt Terrell
8.7%
4.7
Terry Leach
8.3%
6.6
Jack Fisher
8.1%
5.4
Pete Falcone
7.9%
4.3
Don Cardwell
7.4%
6.9
Ray Sadecki
7%
5.2
Jae Weong Seo
5.5%
4.4
Masato Yoshii
5.2%
4.1
Dick Selma
2.7%
4.1
Carl Willey
0.5%
Quiz Playlist
Details
Report
Send in Message
Add To Playlist
More Info:
*indicates current Mets player. All data current through 5/28/2017.
Classic:
Type in answers that appear in a list
Quiz Source
Last Updated: May 29, 2017
Quiz Scoreboard
CHALLENGE
Sign Up to Join the Scoreboard
Show All
Scores
Hide
Comments
May contain spoilers
Recently Published
9x9 Crossword: Cartoon Network
by jackfrog10
Miscellaneous
3m
College Basketball Coaching Resumes
by pancakes188
Sports
9m
Billboard Blitz: Fleetwood Mac
by CooCooCachoo
Music
15s
More to Explore
Quiz From the Vault
Featured Blog Post
Where Did the Easter Bunny Come From?
hide this ad
You Might Also Like...
Tags
Baseball Quiz
MLB Quiz
War Quiz
New York Mets
Stats Leaders
Wins Above Replacement
Today's Top Quizzes in Sports
Browse Sports
hide this ad
Today's Top Quizzes in Baseball
Browse Baseball
Top Contributed Quizzes in Sports
1
2022 World Cup Stars
2
Les meilleurs buteurs des matchs entre le PSG et l’OM
3
FIFA Club World Cup Champions
4
Les entraîneurs de l'OM et du PSG au 21e siècle
5
Criteria MLB: Left Handed Sluggers
6
2023 MLB Unique Player Accomplishments
7
AFC Teams Reveal (Wrong Answers Minefield)
8
Players with Multiple 50 Home Run Seasons
9
5-to-1: FBS Animal Nicknames
10
5-to-1: UK Sports Teams
Explore More
Trending Topics
Disney
Crossword
Kpop
Marvel
Harry Potter
Anime
NBA
Pokémon
Country
The Office
Puzzle
NFL
Soccer
Song
WWE
hide this ad
More By:
kevinmiller224
Quiz
Plays
Rating
Category
Featured
Created
Mets Postseason Rosters
1,220
4.25
Sports
Jun 6, 2011
Top 50 Mets (by WAR)
1,036
3.80
Sports
Oct 17, 2011
Mets By Position (1999-2011)
607
4.75
Sports
Jan 16, 2012
World Series Presidents
203
4.29
Sports
Apr 2, 2011
Mets by Other Teams Played For
130
3.50
Sports
Jan 7, 2017
Go to Creator's Profile
Score Distribution
Quiz Creator Spotlight
kevinmiller224
Follow
Send a Message
Quizzes Created
-
Created Quiz Play Count
-
More By This Creator
Popular Quizzes Today
1
Find the US States - No Outlines Minefield
2
Find the Countries of Europe - No Outlines Minefield
3
The Countries of the World
4
Find the US States
5
Risky Map Clicking: Biggest States A-Z
6
US States
7
Popular People in 1961
8
Movies - When Are They Set?
More Sports Quizzes
Top 10 highest paid athletes 2019
Quiz Lab
Trending Quizzes
Risky Map Clicking: Least Populous States A-Z
1-10 Letter G Words
Risky Map Clicking: Next State Alphabetically
Adjectives in 80s TV Shows
Risky Map Clicking: Biggest States A-Z
Recently Updated
Leaping Animals
pecheneg
Reality TV Shows (A-Z)
bhenderson79
Rickey Henderson's Hall of Fame Teammates
pecheneg
Champions League XIs: Arsenal
pecheneg
Quick Pick: Celebrities in WWE's Hall of Fame
aduchscher
A-Z Keypad Blitz II
pecheneg
Multiple Oscar Actors
pecheneg
Mystery Phrase Blitz: Oscar 'Best Actors'
pecheneg
F. Scott Fitzgerald Novels
LTH
Pick 3 Villains
ddd62291
Trending Topics
Anime
Disney
NBA
Crossword
Kpop
Harry Potter
Marvel
Country
WWE
Puzzle
Soccer
NFL
Song
Pokémon
The Office
Your Account Isn't Verified!
In order to create a playlist on Sporcle, you need to verify the email address you used during registration. Go to your
Sporcle Settings
to finish the process.
Report this User
Report this user for behavior that violates our
Community Guidelines
.
Details:
Send Report
Go to the Sporcle.com Mobile Site →
Comments